[Event "LTU-chT"]
[Site "Lithuania"]
[Date "2024.03.23"]
[Round "3.2"]
[White "Neiksans, Arturs"]
[Black "Sulskis, Sarunas"]
[Result "0-1"]
[WhiteElo "2590"]
[BlackElo "2485"]
[PlyCount "150"]
[EventDate "2024.01.27"]
[EventType "team-swiss"]
[EventRounds "7"]
[EventCountry "LTU"]
[SourceTitle "EXT 2025"]
[Source "ChessBase"]
[SourceDate "2024.10.14"]
[SourceVersion "1"]
[SourceVersionDate "2024.10.14"]
[SourceQuality "1"]
[WhiteTeam "Vilnius Juoda Balta"]
[BlackTeam "Kaunas Margiris"]
[WhiteTeamCountry "LTU"]
[BlackTeamCountry "LTU"]

1. Nf3 d5 2. g3 c6 3. Bg2 Bg4 4. h3 Bxf3 5. exf3 e6 6. f4 h5 7. h4 Ne7 8. d3 Nf5 9. Nd2 Qb6 10. Nf3 Bc5 11. Qe2 Nd7 12. c3 a5 13. Bh3 Kf8 14. Kf1 g6 15. Ne5 Nxe5 16. fxe5 a4 17. d4 Be7 18. Kg2 c5 19. dxc5 Bxc5 20. Bf4 Be7 21. Rhd1 Kg7 22. Bxf5 gxf5 23. Rac1 Kg6 24. c4 d4 25. Qd2 Bc5 26. Bg5 Rhg8 27. Bf6 Kh7 28. Qe2 Qc6+ 29. Kh2 Rg4 30. f3 Rgg8 31. Rd3 Rg6 32. Bg5 Rgg8 33. Rg1 Rxg5 34. hxg5 Kg6 35. Kg2 Be7 36. Rh1 Qxc4 37. f4 Rh8 38. a3 Bc5 39. Kh3 Qd5 40. Re1 b6 41. Qf3 Qc4 42. Red1 Kg7 43. R1d2 Kg6 44. Kh2 Qb5 45. Kh3 Qd7 46. Rh2 Qb5 47. Rdd2 Qc4 48. Kg2 Be7 49. Rh4 b5 50. Qd3 Qd5+ 51. Kh2 Rc8 52. Qe2 Rh8 53. Qg2 Qc4 54. Qf3 b4 55. axb4 Bxb4 56. Qd3 Rc8 57. Qf3 Rh8 58. Rf2 d3 59. Qd1 d2 60. Rf1 Qb3 61. Qxb3 axb3 62. Kg2 Rc8 63. Rhh1 Rc2 64. Kf3 Bc5 65. Rd1 Rxb2 66. Ke2 Bb4 67. Kd3 Rc2 68. Rhg1 Rc8 69. Rb1 Rc3+ 70. Ke2 Bc5 71. Rgf1 Rxg3 72. Kxd2 h4 73. Ke2 h3 74. Rbc1 h2 75. Rh1 Rg1 0-1

[Event "FIN-chT 2324"]
[Site "Finland"]
[Date "2023.11.26"]
[Round "6.3"]
[White "Sulskis, Sarunas"]
[Black "Galchenko, Vadim"]
[Result "1-0"]
[WhiteElo "2490"]
[BlackElo "2150"]
[PlyCount "93"]
[EventDate "2023.09.23"]
[EventType "team-tourn"]
[EventRounds "11"]
[EventCountry "FIN"]
[SourceTitle "EXT 2025"]
[Source "ChessBase"]
[SourceDate "2024.10.14"]
[SourceVersion "1"]
[SourceVersionDate "2024.10.14"]
[SourceQuality "1"]
[WhiteTeam "Helsinki HSC"]
[BlackTeam "Jyvaskyla JyS"]
[WhiteTeamCountry "FIN"]
[BlackTeamCountry "FIN"]

1. e4 e6 2. d4 d5 3. e5 c5 4. c3 Qb6 5. Nf3 Nc6 6. Bd3 cxd4 7. 0-0 Bd7 8. Nbd2 dxc3 9. bxc3 Qc7 10. Re1 Nge7 11. Nb3 Nc8 12. a4 Na5 13. Nxa5 Qxa5 14. Bd2 Qc7 15. a5 h6 16. Qe2 Bc5 17. Nd4 Ne7 18. Nb3 b6 19. Qg4 g6 20. Qh4 Nf5 21. Qf6 Rg8 22. Nxc5 bxc5 23. Bxf5 gxf5 24. Bxh6 Qd8 25. Bg7 Qxf6 26. exf6 Rxg7 27. fxg7 Ke7 28. a6 Rg8 29. Reb1 Rxg7 30. Rb7 Kd6 31. Rxa7 Bc6 32. f4 d4 33. g3 dxc3 34. Rc1 Bb5 35. Ra8 Bc6 36. Ra7 Bb5 37. Rxc3 Rg8 38. Ra3 Rf8 39. Kf2 f6 40. Ke3 e5 41. Rb7 Kc6 42. Rxb5 Kxb5 43. a7 Ra8 44. h4 Kb4 45. Ra6 Kc3 46. h5 e4 47. h6 1-0

[Event "FIN-chT 2324"]
[Site "Finland"]
[Date "2023.11.24"]
[Round "5.3"]
[White "Kononen, Keijo"]
[Black "Sulskis, Sarunas"]
[Result "1/2-1/2"]
[WhiteElo "2255"]
[BlackElo "2490"]
[PlyCount "144"]
[EventDate "2023.09.23"]
[EventType "team-tourn"]
[EventRounds "11"]
[EventCountry "FIN"]
[SourceTitle "EXT 2025"]
[Source "ChessBase"]
[SourceDate "2024.10.14"]
[SourceVersion "1"]
[SourceVersionDate "2024.10.14"]
[SourceQuality "1"]
[WhiteTeam "Raahe Li"]
[BlackTeam "Helsinki HSC"]
[WhiteTeamCountry "FIN"]
[BlackTeamCountry "FIN"]

1. e4 e5 2. Nf3 Nc6 3. Bb5 Nge7 4. 0-0 Ng6 5. d4 d6 6. dxe5 Bg4 7. h3 Bxf3 8. Qxf3 Ngxe5 9. Qd1 a6 10. Be2 g5 11. Nc3 Bg7 12. Be3 h6 13. Nd5 Ne7 14. c3 0-0 15. Qb3 Nxd5 16. Qxd5 c6 17. Qb3 Qe7 18. Rad1 Kh8 19. Qc2 Rad8 20. Rfe1 Qe6 21. Qb3 Qxb3 22. axb3 f5 23. exf5 Rxf5 24. Rf1 Rff8 25. f4 gxf4 26. Bxf4 d5 27. Bh5 Kh7 28. Be3 Nd7 29. Bg4 Rxf1+ 30. Kxf1 Rf8+ 31. Ke2 Ne5 32. Bh5 Rf5 33. g4 Rf8 34. Rf1 Rxf1 35. Kxf1 Bf6 36. Bd4 Kg7 37. Bxe5 Bxe5 38. Ke2 a5 39. Be8 Kf6 40. h4 Ke7 41. Bg6 Bf6 42. h5 Kd6 43. Kd3 Kc5 44. Bf5 Kd6 45. Bc8 b5 46. Bf5 Bg7 47. Bc8 c5 48. Bf5 Ke7 49. Bc8 Be5 50. Bf5 Kf6 51. Bd7 b4 52. Bf5 Kg5 53. Be6 d4 54. cxb4 axb4 55. Bf5 Kf4 56. Be6 Kf3 57. Bf5 Bg7 58. Be6 Kf2 59. Bf5 Bf8 60. Be4 Be7 61. Bh7 Ke1 62. Kc4 Kd2 63. Bg6 Kc1 64. Bh7 Kxb2 65. Bg6 Kc1 66. Bh7 Kd2 67. Bg6 Bf6 68. Bh7 Ke3 69. Bg6 Be7 70. Bh7 Kf3 71. Bf5 Kf4 72. Kd3 Bf8 1/2-1/2

[Event "BL2-West 2324"]
[Site "Germany"]
[Date "2023.10.21"]
[Round "1.2"]
[White "Sulskis, Sarunas"]
[Black "Roseneck, Jonas"]
[Result "1/2-1/2"]
[WhiteElo "2490"]
[BlackElo "2395"]
[PlyCount "105"]
[EventDate "2023.10.21"]
[EventType "team-tourn"]
[EventRounds "10"]
[EventCountry "GER"]
[SourceTitle "EXT 2025"]
[Source "ChessBase"]
[SourceDate "2024.10.14"]
[SourceVersion "1"]
[SourceVersionDate "2024.10.14"]
[SourceQuality "1"]
[WhiteTeam "Koblenz"]
[BlackTeam "Solingen II"]
[WhiteTeamCountry "GER"]
[BlackTeamCountry "GER"]

1. e4 e5 2. Bc4 Nf6 3. d3 Nc6 4. Nf3 d5 5. exd5 Nxd5 6. 0-0 Bc5 7. Nbd2 0-0 8. Ne4 Be7 9. Re1 Kh8 10. c3 f6 11. Bb3 Be6 12. d4 exd4 13. Nxd4 Nxd4 14. Qxd4 Bg8 15. Nc5 Bxc5 16. Qxc5 Re8 17. Rd1 Qe7 18. Qxe7 Rxe7 19. h4 c6 20. Bd2 Nb6 21. Be3 Nc4 22. Bxc4 Bxc4 23. b3 Be6 24. Rd6 Kg8 25. Rad1 a5 26. Bc5 Ree8 27. R1d4 a4 28. bxa4 Ra5 29. Bb6 Rd5 30. a5 Rxd6 31. Rxd6 Bc4 32. Rd7 Ba6 33. g4 Re4 34. f3 Rc4 35. Kf2 Rxc3 36. g5 Rd3 37. Rc7 fxg5 38. hxg5 Rd5 39. f4 Rf5 40. Ke3 Rf7 41. Rc8+ Rf8 42. Rxf8+ Kxf8 43. f5 g6 44. f6 Kf7 45. Kd4 Ke6 46. Bd8 Bf1 47. Kc5 Be2 48. Be7 Bf1 49. Kb6 Ba6 50. Bc5 Kf7 51. Kc7 Ke6 52. Kd8 Kf7 53. a3 1/2-1/2

[Event "LTU-ch"]
[Site "Kaunas"]
[Date "2023.06.08"]
[Round "3"]
[White "Sulskis, Sarunas"]
[Black "Pultinevicius, Paulius"]
[Result "0-1"]
[WhiteElo "2497"]
[BlackElo "2537"]
[PlyCount "74"]
[EventDate "2023.06.06"]
[EventType "tourn"]
[EventRounds "9"]
[EventCountry "LTU"]
[EventCategory "8"]
[SourceTitle "CBM 214 Extra"]
[Source "ChessBase"]
[SourceDate "2023.07.31"]
[SourceVersion "1"]
[SourceVersionDate "2023.07.31"]
[SourceQuality "1"]

1. d4 Nf6 2. Nf3 d5 3. c3 Bf5 4. Qb3 Qc8 5. Bg5 Nbd7 6. e3 e6 7. Nbd2 Bd6 8. Be2 h6 9. Bf4 Bxf4 10. exf4 0-0 11. 0-0 c5 12. Rfe1 Qc7 13. g3 c4 14. Qd1 b5 15. Qc1 Rab8 16. a3 a5 17. Bd1 b4 18. Bc2 Bh3 19. Ne5 Ne8 20. Nf1 Nxe5 21. fxe5 bxc3 22. bxc3 f6 23. Bg6 fxe5 24. Bxe8 Rbxe8 25. Rxe5 Rf3 26. Ne3 Qf7 27. Qe1 Rf8 28. Ra2 Rb8 29. Ng2 Rb3 30. Re3 a4 31. Rxf3 Qxf3 32. Ne3 Qe4 33. Ra1 Qd3 34. Rd1 Qxc3 35. Qe2 Qb2 36. Qh5 Rxe3 37. Qxh3 Re4 0-1

[Event "BL2-West 2223"]
[Site "Germany"]
[Date "2023.03.18"]
[Round "9.1"]
[White "Sulskis, Sarunas"]
[Black "Lenaerts, Lennert"]
[Result "1/2-1/2"]
[WhiteElo "2505"]
[BlackElo "2375"]
[PlyCount "85"]
[EventDate "2022.10.22"]
[EventType "team-tourn"]
[EventRounds "10"]
[EventCountry "GER"]
[SourceTitle "EXT 2024"]
[Source "ChessBase"]
[SourceDate "2023.10.10"]
[SourceVersion "1"]
[SourceVersionDate "2023.10.10"]
[SourceQuality "1"]
[WhiteTeam "Koblenz"]
[BlackTeam "Muelheim Nord II"]
[WhiteTeamCountry "GER"]
[BlackTeamCountry "GER"]

1. e4 e5 2. Nf3 Nc6 3. d4 exd4 4. Bc4 Nf6 5. 0-0 Nxe4 6. Re1 d5 7. Bxd5 Qxd5 8. Nc3 Qh5 9. Nxe4 Be6 10. Bg5 Bd6 11. Bf6 Bxh2+ 12. Nxh2 Qxd1 13. Raxd1 gxf6 14. Nxf6+ Ke7 15. Nd5+ Kd6 16. Nf4 Rae8 17. Re3 Kc5 18. Ra3 a5 19. Nf3 Bg4 20. c3 Bxf3 21. cxd4+ Nxd4 22. Rc3+ Kb6 23. Rxd4 Bc6 24. Nd5+ Ka7 25. Ne3 h5 26. Rf4 h4 27. Kh2 Rh7 28. Rc5 a4 29. Nf5 Re2 30. Nd4 Rxb2 31. Nxc6+ bxc6 32. Rxa4+ Kb6 33. Rf5 c5 34. Ra8 Kb7 35. Ra5 Kb6 36. Ra8 Kb7 37. Ra5 Kb6 38. Raxc5 Rxa2 39. Rc3 c5 40. Rf6+ Kb5 41. Rf5 Kb6 42. Rf6+ Kb5 43. Rf5 1/2-1/2

[Event "Hastings Masters op"]
[Site "Hastings"]
[Date "2023.01.05"]
[Round "9"]
[White "Sulskis, Sarunas"]
[Black "Hebden, Mark"]
[Result "1/2-1/2"]
[WhiteElo "2492"]
[BlackElo "2448"]
[PlyCount "133"]
[EventDate "2022.12.28"]
[EventType "swiss"]
[EventRounds "10"]
[EventCountry "ENG"]
[SourceTitle "CBM 212 Extra"]
[Source "ChessBase"]
[SourceDate "2023.03.31"]
[SourceVersion "1"]
[SourceVersionDate "2023.03.31"]
[SourceQuality "1"]

1. e4 e5 2. Nf3 Nc6 3. Bb5 a6 4. Ba4 Nf6 5. 0-0 Be7 6. Re1 b5 7. Bb3 0-0 8. c3 d5 9. exd5 Nxd5 10. d3 Qd6 11. Nbd2 Bb7 12. Ne4 Qd7 13. Ng3 Rad8 14. Nxe5 Nxe5 15. Rxe5 c5 16. Bg5 Bxg5 17. Rxg5 f6 18. Rf5 g6 19. Bxd5+ Bxd5 20. Rf4 f5 21. h4 h6 22. c4 Bxc4 23. Qc1 Bxd3 24. Qxc5 Qd6 25. Qxd6 Rxd6 26. Rd1 Rfd8 27. Rf3 h5 28. b3 Rd4 29. Rd2 Bb1 30. Rxd4 Rxd4 31. Ne2 Rxh4 32. a3 b4 33. axb4 Rxb4 34. Rc3 Kg7 35. f3 f4 36. Kh2 Bf5 37. Rc6 Bd3 38. Nc1 Bb5 39. Rd6 Kf7 40. Nd3 Bxd3 41. Rxd3 Ke6 42. Kh3 g5 43. g3 a5 44. gxf4 Rxf4 45. Kg2 Rb4 46. Kg3 Ke5 47. Kf2 Kf4 48. Rc3 h4 49. Rc8 Rb5 50. Rc4+ Ke5 51. Rg4 Kf6 52. Ra4 Ke6 53. Rg4 Kd6 54. Kg2 Kc6 55. f4 gxf4 56. Rxf4 Rxb3 57. Rxh4 Kb5 58. Kf2 a4 59. Rh5+ Kb6 60. Ke2 a3 61. Rh1 Kb5 62. Kd2 Ka4 63. Rh4+ Rb4 64. Rxb4+ Kxb4 65. Kc2 a2 66. Kb2 a1R 67. Kxa1 1/2-1/2

[Event "Hastings Masters op"]
[Site "Hastings"]
[Date "2023.01.04"]
[Round "8"]
[White "Petrov, Martin"]
[Black "Sulskis, Sarunas"]
[Result "1/2-1/2"]
[WhiteElo "2535"]
[BlackElo "2492"]
[PlyCount "81"]
[EventDate "2022.12.28"]
[EventType "swiss"]
[EventRounds "10"]
[EventCountry "ENG"]
[SourceTitle "CBM 212 Extra"]
[Source "ChessBase"]
[SourceDate "2023.03.31"]
[SourceVersion "1"]
[SourceVersionDate "2023.03.31"]
[SourceQuality "1"]

1. e4 e5 2. Nf3 Nc6 3. Bc4 Nf6 4. d3 Bc5 5. 0-0 0-0 6. h3 d6 7. c3 h6 8. b4 Bb6 9. Re1 a5 10. b5 Nb8 11. d4 exd4 12. cxd4 Nxe4 13. Rxe4 d5 14. Bxd5 Qxd5 15. Nc3 Qc4 16. Qe1 Bf5 17. Rf4 Qe6 18. Ba3 Rd8 19. d5 Qxe1+ 20. Rxe1 Bg6 21. d6 Nd7 22. Nd5 cxd6 23. Ne7+ Kh8 24. Nxg6+ fxg6 25. Re7 Nf6 26. Rxb7 Rab8 27. Rxb8 Rxb8 28. Bxd6 Rc8 29. Ne5 Rc2 30. Nc4 g5 31. Rxf6 Rxc4 32. Rf8+ Kh7 33. g4 Rc2 34. a4 Rc4 35. Be5 Re4 36. Rb8 Rxe5 37. Rxb6 Re4 38. Ra6 Rxa4 39. b6 Rb4 40. b7 Rxb7 41. Rxa5 1/2-1/2

[Event "Hastings Masters op"]
[Site "Hastings"]
[Date "2022.12.31"]
[Round "4"]
[White "Murphy, Conor"]
[Black "Sulskis, Sarunas"]
[Result "0-1"]
[WhiteElo "2422"]
[BlackElo "2492"]
[PlyCount "176"]
[EventDate "2022.12.28"]
[EventType "swiss"]
[EventRounds "10"]
[EventCountry "ENG"]
[SourceTitle "CBM 212 Extra"]
[Source "ChessBase"]
[SourceDate "2023.03.31"]
[SourceVersion "1"]
[SourceVersionDate "2023.03.31"]
[SourceQuality "1"]

1. e4 e6 2. d4 d5 3. Nc3 Bb4 4. exd5 exd5 5. Bd3 Nc6 6. a3 Bxc3+ 7. bxc3 Nf6 8. Rb1 0-0 9. Ne2 Na5 10. 0-0 Nc4 11. Ng3 a5 12. Qf3 Ra6 13. Re1 Rc6 14. a4 b6 15. h3 h6 16. Bf4 Nh7 17. Nh5 Rg6 18. Kh2 Ng5 19. Qe2 Re6 20. Qf1 Nf3+ 21. gxf3 Qh4 22. Qg2 Qxh5 23. Qg4 Qxg4 24. fxg4 Rf6 25. Kg3 g5 26. Bxc7 Rc6 27. Re7 Be6 28. Bxc4 Rxc4 29. Bxb6 Rxa4 30. Ra7 Ra2 31. Bxa5 Rxc2 32. Bb4 Rc8 33. Re1 Rd2 34. Re3 Rd1 35. Kg2 Rc1 36. Kh2 Rf1 37. Kg2 Rc1 38. f3 Rc6 39. Kg3 Rg1+ 40. Kf2 Rh1 41. Kg2 Rc1 42. Re5 Kg7 43. h4 gxh4 44. Rh5 Rc2+ 45. Kh3 Rf2 46. Rxh4 Rxf3+ 47. Kg2 Rd3 48. Ba5 Bc8 49. Rc7 Re6 50. Rxc8 Re2+ 51. Kf1 Ra2 52. Re8 Rxa5 53. Rh5 Rxc3 54. g5 hxg5 55. Rxg5+ Kf6 56. Ree5 Rc2 57. Rgf5+ Kg7 58. Rg5+ Kf8 59. Re2 Rc1+ 60. Kf2 Rd1 61. Ke3 Ra3+ 62. Kf4 Rf1+ 63. Kg4 Rg1+ 64. Kf4 Rxg5 65. Kxg5 Rd3 66. Kf6 Rxd4 67. Ra2 Re4 68. Ra8+ Re8 69. Ra7 Re6+ 70. Kf5 Re7 71. Ra8+ Re8 72. Ra7 Rd8 73. Kf6 Kg8 74. Ke7 Rb8 75. Ra4 Rb6 76. Rg4+ Rg6 77. Rd4 Re6+ 78. Kd7 Re4 79. Rxd5 Kg7 80. Kd6 Kg6 81. Rd1 f5 82. Rg1+ Kf6 83. Kd5 Rg4 84. Re1 Ra4 85. Rg1 f4 86. Rg8 Kf5 87. Rf8+ Kg4 88. Ke5 f3 0-1

[Event "BL2-West 2122"]
[Site "Germany"]
[Date "2022.06.19"]
[Round "8.1"]
[White "Sulskis, Sarunas"]
[Black "Krastev, Alexander"]
[Result "0-1"]
[WhiteElo "2487"]
[BlackElo "2409"]
[PlyCount "68"]
[EventDate "2022.03.05"]
[EventType "team-tourn"]
[EventRounds "10"]
[EventCountry "GER"]
[SourceTitle "EXT 2023"]
[Source "ChessBase"]
[SourceDate "2022.10.05"]
[SourceVersion "1"]
[SourceVersionDate "2022.10.05"]
[SourceQuality "1"]
[WhiteTeam "Koblenz"]
[BlackTeam "Solingen II"]
[WhiteTeamCountry "GER"]
[BlackTeamCountry "GER"]

1. e4 c5 2. Nf3 Nc6 3. Nc3 e6 4. d4 cxd4 5. Nxd4 Nf6 6. Bf4 Bb4 7. Ndb5 Nxe4 8. Qf3 d5 9. Nc7+ Kf8 10. Nxa8 e5 11. Bd2 Nd4 12. Qd1 Qh4 13. g3 Qf6 14. Nxe4 Nf3+ 15. Qxf3 Qxf3 16. Bxb4+ Kg8 17. Nd6 Qxh1 18. 0-0-0 Be6 19. Nc7 Qxh2 20. Nxd5 Bxd5 21. Ne4 f5 22. Rxd5 fxe4 23. Rd8+ Kf7 24. Bc4+ Kg6 25. Rd6+ Kf5 26. Bc5 Qh1+ 27. Kd2 Re8 28. Be3 Re7 29. a4 Kg4 30. Bxa7 b5 31. Be2+ Kh3 32. Be3 bxa4 33. Bd1 Rb7 34. Kc3 Qe1+ 0-1

[Event "LTU-ch"]
[Site "Kaunas"]
[Date "2022.05.26"]
[Round "6"]
[White "Sulskis, Sarunas"]
[Black "Kazakouski, Valery"]
[Result "0-1"]
[WhiteElo "2509"]
[BlackElo "2524"]
[PlyCount "108"]
[EventDate "2022.05.22"]
[EventType "tourn"]
[EventRounds "9"]
[EventCountry "LTU"]
[SourceTitle "CBM 208 Extra"]
[Source "ChessBase"]
[SourceDate "2022.07.31"]
[SourceVersion "1"]
[SourceVersionDate "2022.07.31"]
[SourceQuality "1"]

1. d4 Nf6 2. Nf3 e6 3. c4 d5 4. Nc3 a6 5. cxd5 exd5 6. Qb3 Be7 7. Bf4 0-0 8. e3 Bd6 9. Bg3 h6 10. Bd3 Ra7 11. 0-0 Be6 12. Qc2 Bxg3 13. hxg3 Qd6 14. Rac1 Nbd7 15. Na4 c6 16. Nc5 Nxc5 17. dxc5 Qc7 18. Qa4 Bg4 19. Qd4 Re8 20. Nh2 Be6 21. Nf3 Raa8 22. Qf4 Qe7 23. Qh4 Rad8 24. Rfe1 Qf8 25. Qb4 Bc8 26. Nd4 h5 27. f3 Qe7 28. Qd2 Qc7 29. Qf2 Re5 30. a3 Rde8 31. Rc3 g6 32. Bc2 Kg7 33. b4 Rh8 34. Bb1 Re7 35. Bc2 Qe5 36. Bd3 Bd7 37. Bc2 Qg5 38. f4 Qh6 39. Nf3 Rhe8 40. Qd2 Kg8 41. Qd4 Qg7 42. Qd2 Bf5 43. Bxf5 gxf5 44. Nd4 Ne4 45. Qc1 Nxc3 46. Qxc3 Qg4 47. Re2 f6 48. Nf3 Kf7 49. Kh2 h4 50. gxh4 Rxe3 51. Ng5+ fxg5 52. Rxe3 Qxf4+ 53. Rg3 gxh4 54. Qg7+ Ke6 0-1

[Event "LTU-ch"]
[Site "Kaunas"]
[Date "2022.05.24"]
[Round "3"]
[White "Sulskis, Sarunas"]
[Black "Stremavicius, Titas"]
[Result "0-1"]
[WhiteElo "2509"]
[BlackElo "2508"]
[PlyCount "86"]
[EventDate "2022.05.22"]
[EventType "tourn"]
[EventRounds "9"]
[EventCountry "LTU"]
[SourceTitle "CBM 208 Extra"]
[Source "ChessBase"]
[SourceDate "2022.07.31"]
[SourceVersion "1"]
[SourceVersionDate "2022.07.31"]
[SourceQuality "1"]

1. e4 c5 2. Nf3 Nc6 3. d4 cxd4 4. Nxd4 Nf6 5. Nc3 d6 6. Bg5 e6 7. Bb5 Bd7 8. Qd3 h6 9. Bh4 Be7 10. 0-0-0 0-0 11. Bxc6 bxc6 12. Nb3 a5 13. Bxf6 gxf6 14. Rhe1 Kh8 15. Re3 Rg8 16. Rh3 Qf8 17. Qe3 Kh7 18. f4 e5 19. f5 Rxg2 20. Na4 Be8 21. Kb1 Qg7 22. Nb6 Rb8 23. Nc4 Rd8 24. Qa7 Rd7 25. Qa8 Rd8 26. Qa7 Qf8 27. Qxa5 Rg4 28. Ne3 Rxe4 29. Rg1 Bd7 30. Qd2 Rxe3 31. Qxe3 Bxf5 32. Na5 Rc8 33. Qf3 Bg6 34. Nc4 f5 35. Ne3 f4 36. Ng4 Bg5 37. Nxe5 dxe5 38. Rxg5 Qd6 39. Rg1 Rd8 40. Qe2 e4 41. Kc1 Qc5 42. Qg4 f3 43. Kb1 e3 0-1

[Event "LTU-ch"]
[Site "Kaunas"]
[Date "2022.05.24"]
[Round "4"]
[White "Sulskis, Sarunas"]
[Black "Vardanyan, Aras"]
[Result "1-0"]
[WhiteElo "2509"]
[BlackElo "2281"]
[PlyCount "87"]
[EventDate "2022.05.22"]
[EventType "tourn"]
[EventRounds "9"]
[EventCountry "LTU"]
[SourceTitle "CBM 208 Extra"]
[Source "ChessBase"]
[SourceDate "2022.07.31"]
[SourceVersion "1"]
[SourceVersionDate "2022.07.31"]
[SourceQuality "1"]

1. e4 c5 2. Nf3 d6 3. Bb5+ Nd7 4. d4 cxd4 5. Nxd4 Ngf6 6. 0-0 g6 7. c4 Bg7 8. Nc3 0-0 9. Bxd7 Bxd7 10. b3 a6 11. a4 b5 12. axb5 axb5 13. Rxa8 Qxa8 14. Ndxb5 Nxe4 15. Nd5 Bxb5 16. Nxe7+ Kh8 17. cxb5 Qb7 18. Nd5 Qxb5 19. Be3 Nc5 20. b4 Ne6 21. Qf3 f5 22. Rd1 f4 23. Bb6 Be5 24. h4 Kg7 25. Qg4 Rf5 26. Ne7 Rf6 27. Nd5 Rf5 28. Qf3 Rf7 29. Qd3 Qa4 30. f3 Rb7 31. Bf2 Kf7 32. Rc1 Qb5 33. Qe4 Qa6 34. Kh2 Qa4 35. Be1 Qa7 36. Bc3 Bxc3 37. Rxc3 Qf2 38. Nxf4 Qxh4+ 39. Kg1 Re7 40. Nxe6 Qf6 41. Nd8+ Kf8 42. Qc4 d5 43. Qc5 Kg7 44. Qxe7+ 1-0

[Event "BL2-West 2122"]
[Site "Germany"]
[Date "2022.05.01"]
[Round "4.3"]
[White "Bethke, Richard"]
[Black "Sulskis, Sarunas"]
[Result "0-1"]
[WhiteElo "2327"]
[BlackElo "2509"]
[PlyCount "64"]
[EventDate "2022.03.05"]
[EventType "team-tourn"]
[EventRounds "10"]
[EventCountry "GER"]
[SourceTitle "EXT 2023"]
[Source "ChessBase"]
[SourceDate "2022.10.05"]
[SourceVersion "1"]
[SourceVersionDate "2022.10.05"]
[SourceQuality "1"]
[WhiteTeam "Neuberg"]
[BlackTeam "Koblenz"]
[WhiteTeamCountry "GER"]
[BlackTeamCountry "GER"]

1. e4 e5 2. Nf3 Nc6 3. Bc4 Nf6 4. d3 h6 5. 0-0 d6 6. c3 g5 7. Nbd2 Bg7 8. b4 g4 9. Ne1 0-0 10. f4 exf4 11. d4 d5 12. e5 dxc4 13. exf6 Bxf6 14. Ne4 Bg7 15. Bxf4 Nxd4 16. Kh1 Ne6 17. Qc1 Qd5 18. Ng3 Nxf4 19. Qxf4 Qe5 20. Qxc4 Qxc3 21. Rc1 Qxc4 22. Rxc4 c6 23. Nd3 a5 24. a4 b5 25. Rxc6 bxa4 26. b5 Bd7 27. Rc5 Rab8 28. Ne5 Bxb5 29. Rb1 a3 30. Nh5 a2 31. Ra1 Bc4 32. Rxc4 Rb1+ 0-1

[Event "BL2-West 2122"]
[Site "Germany"]
[Date "2022.04.30"]
[Round "3.3"]
[White "Sulskis, Sarunas"]
[Black "Womacka, Mathias"]
[Result "0-1"]
[WhiteElo "2509"]
[BlackElo "2423"]
[PlyCount "80"]
[EventDate "2022.03.05"]
[EventType "team-tourn"]
[EventRounds "10"]
[EventCountry "GER"]
[SourceTitle "EXT 2023"]
[Source "ChessBase"]
[SourceDate "2022.10.05"]
[SourceVersion "1"]
[SourceVersionDate "2022.10.05"]
[SourceQuality "1"]
[WhiteTeam "Koblenz"]
[BlackTeam "Hofheim"]
[WhiteTeamCountry "GER"]
[BlackTeamCountry "GER"]

1. e4 c5 2. Nf3 d6 3. d4 cxd4 4. Nxd4 Nf6 5. Nc3 a6 6. Bg5 e6 7. f4 h6 8. Bh4 Qb6 9. a3 Nbd7 10. Bf2 Qc7 11. Qf3 b5 12. 0-0-0 Bb7 13. g4 Nc5 14. Re1 d5 15. Ndxb5 axb5 16. Bxb5+ Ncd7 17. exd5 Bd6 18. Bc6 0-0 19. Nb5 Bxf4+ 20. Be3 Bxe3+ 21. Qxe3 Qb8 22. g5 Nxd5 23. Bxd5 Bxd5 24. gxh6 Qxb5 25. Rhg1 g6 26. Qd4 e5 27. Rxe5 Qc4 28. Rxd5 Qxd4 29. Rxd4 Ne5 30. Rf1 Kh7 31. a4 Kxh6 32. b3 f5 33. Kb2 Kg5 34. Rd5 Ng4 35. h3 Ne3 36. Rg1+ Kf4 37. Rd4+ Ke5 38. c3 Rad8 39. Rxd8 Rxd8 40. Rxg6 f4 0-1

[Event "LTU-chT"]
[Site "Lithuania"]
[Date "2022.03.19"]
[Round "6.2"]
[White "Vardanyan, Aras"]
[Black "Sulskis, Sarunas"]
[Result "0-1"]
[WhiteElo "2270"]
[BlackElo "2506"]
[PlyCount "84"]
[EventDate "2022.03.11"]
[EventType "team-swiss"]
[EventRounds "7"]
[EventCountry "LTU"]
[SourceTitle "CBM 207 Extra"]
[Source "ChessBase"]
[SourceDate "2022.05.31"]
[SourceVersion "1"]
[SourceVersionDate "2022.05.31"]
[SourceQuality "1"]
[WhiteTeam "Vilnius Melyna"]
[BlackTeam "Kaunas Margiris"]
[WhiteTeamCountry "LTU"]
[BlackTeamCountry "LTU"]

1. e4 d6 2. d4 Nf6 3. Nc3 g6 4. f4 Bg7 5. Nf3 0-0 6. e5 dxe5 7. fxe5 Nd5 8. Bc4 Be6 9. Bxd5 Bxd5 10. Nxd5 Qxd5 11. Qe2 b5 12. a4 b4 13. c4 bxc3 14. bxc3 Nc6 15. 0-0 Na5 16. Rb1 a6 17. Ba3 f6 18. e6 f5 19. Rfe1 Bf6 20. Bc5 Rfb8 21. Rb4 Rxb4 22. cxb4 Nb3 23. Kh1 a5 24. Qb5 axb4 25. Qd7 Qxd7 26. exd7 Nxc5 27. dxc5 b3 28. Rd1 e6 29. Nd2 b2 30. Nc4 Rb8 31. Nxb2 Rxb2 32. d8Q+ Bxd8 33. Rxd8+ Kf7 34. h3 e5 35. c6 e4 36. Kg1 e3 37. Kf1 Rf2+ 38. Ke1 Rxg2 39. Rd3 Ra2 40. Rxe3 Rxa4 41. Rd3 Kf6 42. Rd7 Re4+ 0-1

[Event "Panevezys Kveinys Memorial op"]
[Site "Panevezys"]
[Date "2021.08.01"]
[Round "4"]
[White "Sulskis, Sarunas"]
[Black "Sedykh, Stakhey"]
[Result "1/2-1/2"]
[WhiteElo "2523"]
[BlackElo "1418"]
[PlyCount "44"]
[EventDate "2021.07.30"]
[EventType "swiss"]
[EventRounds "9"]
[EventCountry "LTU"]
[SourceTitle "EXT 2022"]
[Source "ChessBase"]
[SourceDate "2021.10.06"]
[SourceVersion "1"]
[SourceVersionDate "2021.10.06"]
[SourceQuality "1"]

1. e4 e5 2. Nf3 Nc6 3. Bc4 Bc5 4. c3 Nf6 5. d4 exd4 6. b4 Bb6 7. 0-0 d5 8. exd5 Nxd5 9. Ng5 0-0 10. Nxh7 Kxh7 11. Qh5+ Kg8 12. Bxd5 Qd6 13. Be4 f5 14. Bf4 Qf6 15. Bd5+ Be6 16. Bxe6+ Qxe6 17. a4 dxc3 18. Nxc3 Nxb4 19. Qf3 Qc6 20. Qxc6 Nxc6 21. Nd5 Rf7 22. Rfd1 Rd8 1/2-1/2

[Event "Panevezys Kveinys Memorial op"]
[Site "Panevezys"]
[Date "2021.07.31"]
[Round "3"]
[White "Kazakouski, Valery"]
[Black "Sulskis, Sarunas"]
[Result "1-0"]
[WhiteElo "2499"]
[BlackElo "2523"]
[PlyCount "109"]
[EventDate "2021.07.30"]
[EventType "swiss"]
[EventRounds "9"]
[EventCountry "LTU"]
[SourceTitle "EXT 2022"]
[Source "ChessBase"]
[SourceDate "2021.10.06"]
[SourceVersion "1"]
[SourceVersionDate "2021.10.06"]
[SourceQuality "1"]

1. Nf3 d5 2. c4 d4 3. b4 g6 4. g3 Bg7 5. d3 e5 6. Bg2 Ne7 7. Nbd2 0-0 8. 0-0 c5 9. bxc5 f5 10. Ne1 Nbc6 11. Rb1 h6 12. Nc2 Kh7 13. Na3 a6 14. Qa4 Ra7 15. Nc2 Bd7 16. Qa3 Qc7 17. e3 f4 18. Bb2 Bg4 19. exf4 exf4 20. f3 Be6 21. g4 g5 22. Rbe1 Qd7 23. Re4 Ng6 24. Rfe1 Bf7 25. Nb3 Nh4 26. Nbxd4 Nxd4 27. Bxd4 Re8 28. Bxg7 Rxe4 29. Rxe4 Kxg7 30. Qc3+ Kg8 31. d4 Bg6 32. Re2 Bxc2 33. Rxc2 Ra8 34. Re2 Re8 35. Bf1 Re3 36. Rxe3 fxe3 37. Be2 Qe8 38. Qd3 Ng6 39. Qe4 Qxe4 40. fxe4 Nf4 41. Kf1 Ne6 42. c6 bxc6 43. d5 Nd4 44. c5 a5 45. dxc6 Nxc6 46. Bc4+ Kf8 47. Ke2 Ne5 48. Bb5 Ke7 49. h3 Ng6 50. Kxe3 Nf4 51. e5 Nxh3 52. c6 Nf4 53. Ke4 Ne6 54. Bc4 Ng7 55. Bf7 1-0